000 00520nam a2200193Ia 4500
005 20250508151136.0
008 008 250505s9999 xx 000 0 eng d
037 _aTextual
040 _aFEDL
_beng
_cFEDL
041 _aeng
_2eng
084 _a155.8, UNE
_qFEDL
245 0 _aRace concept
245 0 _cUnited Nations Educational Scientific and Cultural Organization
260 _c1952
300 _a103p.
650 _aChild Psychology
942 _cTEXL
_h155.8, UNE
999 _c1327846
_d1327846